ბათუმის შოთა რუსთაველის სახელმწიფო უნივერსიტეტის ბიბლიოთეკა

Architectural Graphics / (ბიბ.ჩანაწერი № 41103)

000 -LEADER
fixed length control field 00591nam a2200205Ia 4500
001 - CONTROL NUMBER
control field 7753
003 - CONTROL NUMBER IDENTIFIER
control field GE_BSU
005 - DATE AND TIME OF LATEST TRANSACTION
control field 20220923151430.0
008 - FIXED-LENGTH DATA ELEMENTS--GENERAL INFORMATION
fixed length control field 181216s2009en xx |||||||||||||| ||eng||
040 ## - CATALOGING SOURCE
Transcribing agency GE_BSU
050 ## - LIBRARY OF CONGRESS CALL NUMBER
Classification number 9780470399118
080 ## - UNIVERSAL DECIMAL CLASSIFICATION NUMBER
Universal Decimal Classification number 720.28/4 C-52
100 ## - MAIN ENTRY--PERSONAL NAME
Personal name Ching, Francis D.K.
9 (RLIN) 14749
245 ## - TITLE STATEMENT
Title Architectural Graphics /
Statement of responsibility, etc. Francis D.K. Ching,
264 ## - PRODUCTION, PUBLICATION, DISTRIBUTION, MANUFACTURE, AND COPYRIGHT NOTICE
Place of production, publication, distribution, manufacture New York :
Name of producer, publisher, distributor, manufacturer John Wiley,
Date of production, publication, distribution, manufacture, or copyright notice 2009.
300 ## - PHYSICAL DESCRIPTION
Extent 250 p.;
Other physical details Ill.
Dimensions 28 cm.
653 ## - INDEX TERM--UNCONTROLLED
keyword Architectural Graphics
653 ## - INDEX TERM--UNCONTROLLED
keyword არქიტექტურული გრაფიკა
942 ## - ADDED ENTRY ELEMENTS (KOHA)
Koha item type წიგნი
Source of classification or shelving scheme
ეგზემპლარები
Withdrawn status Lost status Source of classification or shelving scheme Damaged status Not for loan Permanent Location Current Location Shelving location Date acquired Cost, normal purchase price Full call number Barcode Date last seen Copy number Price effective from Koha item type Public note
          ბათუმის შოთა რუსთაველის სახელმწიფო უნივერსიტეტის მთავარი ბიბლიოთეკა ტექნოლოგიური ფაკულტეტის ბიბლიოთეკა წიგნსაცავი 2018-12-17 74.00 720.28/4 C-52 24136 2018-12-17 24136 2018-12-17 წიგნი 74 gel.